Normal view
MARC view
Entry Nombre personal
001 - NÚMERO DE CONTROL
- campo de control: 65002
003 - IDENTIFICADOR DE NÚMERO DE CONTROL
- campo de control: OSt
005 - FECHA Y HORA DE LA ÚLTIMA TRANSACCIÓN
- campo de control: 20230222192318.0
008 - ELEMENTOS DE DATO DE LONGITUD-FIJA
- campo de control de longitud fija: 970912 n acnnnaaan n ann d
040 ## - FUENTE DE CATALOGACIÓN
- Centro catalogador/agencia de origen: OSt
- Centro/agencia transcriptor: OSt
100 00 - ENCABEZAMIENTO-NOMBRE DE PERSONA
- Nombre de persona: Ibn al-Zurqalla, Ibrahim b. Yahyà.
- Título de la obra: 'Amal bi-l-safiha al-zarqaliyya al-mu'adda li-yami' al-afaq.
- Lenguaje de la obra: Español
400 1# - TRAZADO DE VÉASE--NOMBRE DE PERSONA
- Nombre de persona: Ibn al-Zurqalla, Ibrahim b. Yahyáa.
- Título de la obra: 'Amal bi-l-safiha al-zarqaliyya al-mu'adda li-yami' al-afaq.
- Lenguaje de la obra: Español
